000
00222nam a22000857a 4500
008
161028b xxu||||| |||| 00| 0 eng d
100
_9
983
_a
Kidz.OM
245
_a
Grandma Stories
260
_a
New Delhi
_b
OM. Kidz Publications
_c
2012
999
_c
3642
_d
3642